Normal view
MARC view
- Goggins, David
Entry Personal Name
001 - CONTROL NUMBER
- control field: 134401
003 - CONTROL NUMBER IDENTIFIER
- control field: NUST
005 - DATE AND TIME OF LATEST TRANSACTION
- control field: 20260511131658.0
008 - FIXED-LENGTH DATA ELEMENTS
- fixed length control field: 260511|| aca||aabn | a|a d
040 ## - CATALOGING SOURCE
- Original cataloging agency: NUST
- Transcribing agency: NUST
100 ## - HEADING--PERSONAL NAME
- Personal name: Goggins, David
670 ## - SOURCE DATA FOUND
- Source citation: Work cat.: (NUST): Goggins, David , Can't hurt me /, 2018
